Các dịch vụ hỗ trợ phát triển công nghiệp ở Việt Nam Trường hợp nghiên cứu về dịch vụ xuất nhập khẩu
v.v...
Đã lưu trong:
| Tác giả chính: | |
|---|---|
| Định dạng: | Sách |
| Năm xuất bản: |
H.
Lao động
1997
|
| Chủ đề: | |
| Tags: |
Thêm thẻ
Không có thẻ, Hãy là người đầu tiên gắn thẻ bản ghi này!
|
| LEADER | 01006nam a2200229 4500 | ||
|---|---|---|---|
| 082 | |a 382.9597 |b C101d. | ||
| 100 | |a Lê Đăng Doanh | ||
| 245 | |a Các dịch vụ hỗ trợ phát triển công nghiệp ở Việt Nam |c Lê Đăng Doanh, Trần Tiến Cường, Bùi Văn Dũng, Nguyễn Kim Anh |b Trường hợp nghiên cứu về dịch vụ xuất nhập khẩu | ||
| 260 | |a H. |b Lao động |c 1997 | ||
| 300 | |a 133 tr. |c 19 cm | ||
| 520 | |a v.v... | ||
| 653 | |a Công nghiệp | ||
| 653 | |a doanh nghiệp | ||
| 653 | |a dịch vụ hỗ trợ | ||
| 653 | |a kinh tế | ||
| 653 | |a nhập khẩu | ||
| 653 | |a Việt Nam | ||
| 653 | |a xuất khẩu | ||
| 942 | |2 ddc |c STK0 | ||
| 999 | |c 9588 |d 9588 | ||
| 952 | |0 0 |1 0 |2 ddc |4 0 |6 382_959700000000000_C101D |7 0 |8 300 |9 76263 |a qbu |b qbu |c D2 |d 2015-05-25 |g 12000 |o 382.9597 C101d. |p 9614.c1 |r 0000-00-00 |w 2015-05-25 |y STK0 | ||
| 952 | |0 0 |1 0 |2 ddc |4 0 |6 382_959700000000000_C101D |7 0 |8 300 |9 76264 |a qbu |b qbu |c D2 |d 2015-05-25 |g 12000 |o 382.9597 C101d. |p 9614.c2 |r 0000-00-00 |w 2015-05-25 |y STK0 | ||